| 000 | 00537nam a2200205Ia 4500 | ||
|---|---|---|---|
| 001 | 14165 | ||
| 003 | GE_BSU | ||
| 008 | 181216s||||||||xx |||||||||||||| ||und|| | ||
| 040 | _cGE_BSU | ||
| 080 | _a821.353.1-32 | ||
| 100 | _aლომთათიძე,ჭოლა | ||
| 245 | _aმოთხრობები | ||
| 245 | _cრედ.ს.ჭილაია | ||
| 260 | _aთბილისი | ||
| 260 | _b[გ.გ] | ||
| 260 | _c1956 | ||
| 300 | _a593გვ.22სმ. | ||
| 653 | _aმოთხრობები | ||
| 942 | _cBK | ||
| 999 |
_c47304 _d47304 |
||